[Event "SRB-chT 2nd League"]
[Site "Novi Sad"]
[Date "2023.11.08"]
[Round "9.3"]
[White "Sekulic, Dusan"]
[Black "Ljepic, Andrej"]
[Result "0-1"]
[WhiteElo "2131"]
[BlackElo "2236"]
[PlyCount "106"]
[EventDate "2023.11.02"]
[EventType "team-tourn"]
[EventRounds "11"]
[EventCountry "SRB"]
[SourceTitle "CB46_2023"]
[SourceDate "2023.11.15"]
[SourceVersion "1"]
[SourceVersionDate "2023.11.15"]
[SourceQuality "1"]
[WhiteTeam "Mladenovo"]
[BlackTeam "Car Uros Jazak"]
[WhiteTeamCountry "SRB"]
[BlackTeamCountry "SRB"]

1. d4 Nf6 2. Nf3 e6 3. c4 Bb4+ 4. Nbd2 0-0 5. a3 Bxd2+ 6. Qxd2 b6 7. g3 Bb7 8. Bg2 a5 9. b3 d6 10. 0-0 Nbd7 11. Bb2 Qe7 12. Rfd1 Be4 13. Bf1 h6 14. Ne1 e5 15. f3 Bg6 16. e4 exd4 17. Qxd4 Nc5 18. Qc3 a4 19. b4 Nb3 20. Rab1 c5 21. Nc2 Ne8 22. Re1 f6 23. Bg2 Qa7 24. b5 Nc7 25. Rbd1 Rad8 26. f4 Bh5 27. Rd3 Ne6 28. Rd5 Bf7 29. e5 fxe5 30. fxe5 Ned4 31. Rxd6 Rxd6 32. exd6 Qd7 33. Ne3 Qxd6 34. Nd5 Bh5 35. Nf4 Bf7 36. Nd5 Kh8 37. Qe3 Be6 38. Qe5 Qxe5 39. Rxe5 Bxd5 40. Bxd5 Nf3+ 41. Bxf3 Rxf3 42. Re6 Nd2 43. Rxh6+ Kg8 44. Rg6 Nxc4 45. Bxg7 Kf7 46. Rg4 Ne3 47. Rf4+ Rxf4 48. gxf4 Kxg7 49. Kf2 Nf5 50. Kf3 Kf6 51. Ke4 Nd6+ 52. Kd5 Nxb5 53. h4 Nd4 0-1

[Event "SRB-chT 2nd League"]
[Site "Novi Sad"]
[Date "2023.11.05"]
[Round "5.3"]
[White "Sekulic, Dusan"]
[Black "Grujic, Zoran"]
[Result "0-1"]
[WhiteElo "2131"]
[BlackElo "2315"]
[PlyCount "90"]
[EventDate "2023.11.02"]
[EventType "team-tourn"]
[EventRounds "11"]
[EventCountry "SRB"]
[SourceTitle "CB46_2023"]
[SourceDate "2023.11.15"]
[SourceVersion "1"]
[SourceVersionDate "2023.11.15"]
[SourceQuality "1"]
[WhiteTeam "Mladenovo"]
[BlackTeam "Novi Sad Vojvodina"]
[WhiteTeamCountry "SRB"]
[BlackTeamCountry "SRB"]

1. d4 Nf6 2. Nf3 e6 3. c4 d5 4. e3 a6 5. Nbd2 c5 6. a3 cxd4 7. exd4 dxc4 8. Bxc4 Be7 9. 0-0 0-0 10. Re1 Bd7 11. Ne5 Bc6 12. Nxc6 Nxc6 13. Nf3 Qd6 14. b4 Rfd8 15. Bb2 Rac8 16. Qb3 Nd5 17. Rad1 Bf6 18. Ne5 Rc7 19. g3 g6 20. f4 Nce7 21. Bd3 b5 22. Rc1 Rdc8 23. Rc5 Nb6 24. Rec1 Na4 25. Rxc7 Rxc7 26. Rxc7 Qxc7 27. Be4 Bxe5 28. dxe5 Nd5 29. Bd4 Qc1+ 30. Kg2 Qd2+ 31. Bf2 Nac3 32. Bxd5 exd5 33. h4 h5 34. Kg1 Kg7 35. Kg2 d4 36. e6 Nd1 37. Qf3 fxe6 38. Kf1 Qxf2+ 39. Qxf2 Nxf2 40. Kxf2 Kf6 41. Ke2 Kf5 42. Kf3 e5 43. fxe5 Kxe5 44. g4 hxg4+ 45. Kxg4 d3 0-1

[Event "Solta op 6th"]
[Site "Grohote"]
[Date "2023.07.04"]
[Round "8"]
[White "Van Dael, Siem"]
[Black "Sekulic, Dusan"]
[Result "1-0"]
[WhiteElo "2290"]
[BlackElo "2168"]
[PlyCount "39"]
[EventDate "2023.06.27"]
[EventType "swiss"]
[EventRounds "9"]
[EventCountry "CRO"]
[SourceTitle "EXT 2024"]
[Source "ChessBase"]
[SourceDate "2023.10.10"]
[SourceVersion "1"]
[SourceVersionDate "2023.10.10"]
[SourceQuality "1"]

1. e4 d6 2. d4 Nf6 3. Nc3 g6 4. Be3 Bg7 5. Qd2 Nc6 6. f3 0-0 7. Nge2 e5 8. d5 Ne7 9. 0-0-0 Ne8 10. g4 f5 11. gxf5 gxf5 12. Bg5 f4 13. Rg1 Kh8 14. Qe1 Bf6 15. Bxf6+ Rxf6 16. Qh4 Bd7 17. Bh3 Rg6 18. Qh5 Ng7 19. Qh4 Be8 20. Rg5 1-0

[Event "Solta op 6th"]
[Site "Grohote"]
[Date "2023.07.02"]
[Round "6"]
[White "Polok, Kacper"]
[Black "Sekulic, Dusan"]
[Result "1-0"]
[WhiteElo "2264"]
[BlackElo "2168"]
[PlyCount "131"]
[EventDate "2023.06.27"]
[EventType "swiss"]
[EventRounds "9"]
[EventCountry "CRO"]
[SourceTitle "EXT 2024"]
[Source "ChessBase"]
[SourceDate "2023.10.10"]
[SourceVersion "1"]
[SourceVersionDate "2023.10.10"]
[SourceQuality "1"]

1. e4 e5 2. Nf3 Nc6 3. Bc4 Bc5 4. c3 Qe7 5. d4 Bb6 6. Bg5 Nf6 7. d5 Nd8 8. d6 cxd6 9. Bd5 Ne6 10. Bxf6 Qxf6 11. 0-0 Rb8 12. a4 Bc7 13. a5 a6 14. Nbd2 Nf4 15. Nc4 0-0 16. Nb6 Kh8 17. c4 Ne6 18. Ra3 Qd8 19. Rb3 Nc5 20. Ne1 Ne6 21. Nd3 Nd4 22. f4 f6 23. Rf3 g6 24. Rh3 Kg7 25. Nf2 Rh8 26. f5 Ne6 27. Rbg3 Nf4 28. fxg6 hxg6 29. Rxh8 Kxh8 30. Rb3 Kg7 31. Qg4 Qh8 32. Rg3 Qh5 33. Qxh5 Nxh5 34. Rf3 Nf4 35. Ng4 Bd8 36. Kf2 Ne6 37. b4 Nd4 38. Rd3 Bc7 39. Ne3 Nc6 40. Nc2 Kf8 41. h4 Kg7 42. g4 Nd8 43. Rb3 Nc6 44. Kg3 Bd8 45. Rf3 Be7 46. h5 Kh6 47. Rf1 Bd8 48. Rh1 g5 49. Rb1 Bc7 50. Ne3 Kh7 51. Nf5 Nd8 52. Ne7 Bxb6 53. axb6 Nc6 54. Nf5 Ra8 55. Nxd6 a5 56. bxa5 Rxa5 57. Bxc6 Ra3+ 58. Kf2 Ra2+ 59. Ke3 Ra3+ 60. Kd2 dxc6 61. Nxc8 Rg3 62. Nd6 Rxg4 63. Nxb7 Rxe4 64. Na5 Rd4+ 65. Kc3 Rd8 66. Nxc6 1-0

[Event "Solta op 6th"]
[Site "Grohote"]
[Date "2023.07.01"]
[Round "5"]
[White "Sekulic, Dusan"]
[Black "Pasalic, Harun"]
[Result "1-0"]
[WhiteElo "2168"]
[BlackElo "2232"]
[PlyCount "82"]
[EventDate "2023.06.27"]
[EventType "swiss"]
[EventRounds "9"]
[EventCountry "CRO"]
[SourceTitle "EXT 2024"]
[Source "ChessBase"]
[SourceDate "2023.10.10"]
[SourceVersion "1"]
[SourceVersionDate "2023.10.10"]
[SourceQuality "1"]

1. d4 Nf6 2. Nf3 g6 3. c4 c5 4. d5 b5 5. a4 bxc4 6. Nc3 Bg7 7. e4 d6 8. Bxc4 0-0 9. 0-0 Ba6 10. Bb5 Bb7 11. Re1 Na6 12. h3 Nc7 13. Bc4 Rb8 14. Ra2 Nd7 15. Bf4 f6 16. Qe2 Ne5 17. Nxe5 fxe5 18. Be3 Bc8 19. Nb5 a6 20. Na7 Bd7 21. Bd2 Rb7 22. Nc6 Qa8 23. Nxe7+ Kh8 24. Nc6 Qe8 25. Bxa6 Nxa6 26. Qxa6 Bxc6 27. dxc6 Rc7 28. Qc4 Qxc6 29. Rc1 Ra8 30. a5 Rb7 31. Be3 Ra6 32. Rc2 Bf6 33. Ra1 Kg7 34. Kf1 Qb5 35. Rac1 Kf8 36. Ke2 Ke7 37. Qxb5 Rxb5 38. Kd3 Ke6 39. Kc4 Rb7 40. b4 cxb4 41. Rb1 Rc6+ 1-0

[Event "SRB-chT 2nd League"]
[Site "Vrnjacka Banja"]
[Date "2022.11.10"]
[Round "10.4"]
[White "Balla, Tamas Kristof"]
[Black "Sekulic, Dusan"]
[Result "1-0"]
[WhiteElo "2313"]
[BlackElo "2168"]
[PlyCount "71"]
[EventDate "2022.11.04"]
[EventType "team-tourn"]
[EventRounds "11"]
[EventCountry "SRB"]
[SourceTitle "CBM 211 Extra"]
[Source "ChessBase"]
[SourceDate "2023.01.31"]
[SourceVersion "1"]
[SourceVersionDate "2023.01.31"]
[SourceQuality "1"]
[WhiteTeam "Senta"]
[BlackTeam "Mladenovo"]
[WhiteTeamCountry "SRB"]
[BlackTeamCountry "SRB"]

1. d4 Nf6 2. Nc3 d6 3. e4 g6 4. f4 Bg7 5. Nf3 0-0 6. Bd3 Nc6 7. e5 dxe5 8. fxe5 Nd5 9. Nxd5 Qxd5 10. c3 Bg4 11. 0-0 Rad8 12. Qe1 f6 13. exf6 exf6 14. Qg3 Bxf3 15. Rxf3 Rd7 16. Bf4 Ne5 17. Bxe5 fxe5 18. Rxf8+ Kxf8 19. Qh3 Bf6 20. Bc4 Qd6 21. Be6 Rg7 22. Rf1 Ke7 23. d5 e4 24. Qg4 Qc5+ 25. Kh1 Qd6 26. Qxe4 Qe5 27. Qb4+ Qd6 28. Qxb7 Be5 29. Qa8 Qd8 30. Qxa7 Kd6 31. Qa3+ c5 32. Qa6+ Ke7 33. Re1 Qd6 34. Qe2 Kf6 35. Rf1+ Kg5 36. Qg4+ 1-0

[Event "SRB-chT 2nd League"]
[Site "Vrnjacka Banja"]
[Date "2022.11.04"]
[Round "1.3"]
[White "Chelushkina, Irina"]
[Black "Sekulic, Dusan"]
[Result "1-0"]
[WhiteElo "2173"]
[BlackElo "2168"]
[PlyCount "37"]
[EventDate "2022.11.04"]
[EventType "team-tourn"]
[EventRounds "11"]
[EventCountry "SRB"]
[SourceTitle "CBM 211 Extra"]
[Source "ChessBase"]
[SourceDate "2023.01.31"]
[SourceVersion "1"]
[SourceVersionDate "2023.01.31"]
[SourceQuality "1"]
[WhiteTeam "Krajisnik Krajina"]
[BlackTeam "Mladenovo"]
[WhiteTeamCountry "SRB"]
[BlackTeamCountry "SRB"]

1. g3 e5 2. Bg2 d6 3. e4 g6 4. Ne2 Bg7 5. d4 Nd7 6. Nbc3 Ngf6 7. h3 0-0 8. 0-0 a5 9. a4 c6 10. Be3 exd4 11. Bxd4 Re8 12. g4 h6 13. Ng3 Nf8 14. Re1 N6d7 15. Qd2 Ne6 16. Be3 Qh4 17. Nge2 Nf6 18. f3 d5 19. e5 1-0

[Event "Nova Gorica op 25th"]
[Site "Nova Gorica"]
[Date "2020.01.28"]
[Round "7"]
[White "Sekulic, Dusan"]
[Black "Privitera, Franco"]
[Result "0-1"]
[WhiteElo "2190"]
[BlackElo "1947"]
[PlyCount "34"]
[EventDate "2020.01.24"]
[EventType "swiss"]
[EventRounds "9"]
[EventCountry "SLO"]
[SourceTitle "CBM 194"]
[Source "ChessBase"]
[SourceDate "2020.01.27"]
[SourceVersion "1"]
[SourceVersionDate "2020.01.27"]
[SourceQuality "1"]

1. d4 Nf6 2. Nf3 e6 3. c4 d5 4. e3 c6 5. Nbd2 Nbd7 6. Bd3 a6 7. 0-0 dxc4 8. Nxc4 c5 9. a4 b6 10. e4 Qc7 11. d5 e5 12. Nh4 Rb8 13. f4 b5 14. axb5 axb5 15. Nxe5 Nxe5 16. fxe5 Ng4 17. e6 Qxh2# 0-1

[Event "Nova Gorica op 25th"]
[Site "Nova Gorica"]
[Date "2020.01.25"]
[Round "2"]
[White "Ruzic, Pia Marie"]
[Black "Sekulic, Dusan"]
[Result "0-1"]
[WhiteElo "1910"]
[BlackElo "2190"]
[PlyCount "82"]
[EventDate "2020.01.24"]
[EventType "swiss"]
[EventRounds "9"]
[EventCountry "SLO"]
[SourceTitle "CBM 194"]
[Source "ChessBase"]
[SourceDate "2020.01.27"]
[SourceVersion "1"]
[SourceVersionDate "2020.01.27"]
[SourceQuality "1"]

1. c4 e5 2. Nc3 Nf6 3. Nf3 d6 4. g3 c6 5. Bg2 Nbd7 6. d3 a5 7. 0-0 Be7 8. Rb1 0-0 9. a3 Re8 10. b4 axb4 11. axb4 Bf8 12. Nd2 Nb6 13. b5 d5 14. Qb3 Bc5 15. Bb2 Be6 16. Qc2 Rc8 17. Na4 Nxa4 18. Qxa4 Bg4 19. Bf3 Bd7 20. cxd5 cxd5 21. Bxe5 Bxf2+ 22. Rxf2 Rxe5 23. Qd4 Qe7 24. Rff1 h5 25. b6 Rc2 26. Nb3 Bh3 27. Rfe1 Rexe2 28. Bxe2 Rxe2 29. Qf2 Rxf2 30. Rxe7 Rg2+ 31. Kh1 Ng4 32. Rf1 Nf2+ 33. Rxf2 Rxf2 34. Re1 Rb2 35. Nd4 Rxb6 36. Nf3 f6 37. Kg1 Rb2 38. Nh4 g5 39. Ng6 Kf7 40. Ne7 Rg2+ 41. Kh1 Rd2 0-1

[Event "Nova Gorica op 25th"]
[Site "Nova Gorica"]
[Date "2020.01.25"]
[Round "3"]
[White "Sekulic, Dusan"]
[Black "Maksimovic, Bojan"]
[Result "0-1"]
[WhiteElo "2190"]
[BlackElo "2419"]
[PlyCount "64"]
[EventDate "2020.01.24"]
[EventType "swiss"]
[EventRounds "9"]
[EventCountry "SLO"]
[SourceTitle "CBM 194"]
[Source "ChessBase"]
[SourceDate "2020.01.27"]
[SourceVersion "1"]
[SourceVersionDate "2020.01.27"]
[SourceQuality "1"]

1. d4 Nf6 2. Nf3 g6 3. c4 c5 4. d5 b5 5. a4 bxc4 6. Nc3 Bg7 7. e4 d6 8. Bxc4 0-0 9. 0-0 Ba6 10. Bb5 Bxb5 11. axb5 Nbd7 12. Qe2 Nb6 13. h3 Ne8 14. e5 Nc7 15. Rd1 Qd7 16. Bf4 f6 17. exd6 exd6 18. Ra5 Rfe8 19. Qf1 f5 20. Ng5 h6 21. Ne6 Bxc3 22. bxc3 Ncxd5 23. c4 Qxe6 24. cxd5 Nxd5 25. Qc4 Nb6 26. Qxe6+ Rxe6 27. Bxh6 d5 28. Ra6 d4 29. Kf1 Re7 30. Rda1 Rb7 31. Ke2 Kf7 32. Kd3 Kg8 0-1

[Event "Nova Gorica op 25th"]
[Site "Nova Gorica"]
[Date "2020.01.24"]
[Round "1"]
[White "Sekulic, Dusan"]
[Black "Tratar, Marko"]
[Result "0-1"]
[WhiteElo "2190"]
[BlackElo "2444"]
[PlyCount "176"]
[EventDate "2020.01.24"]
[EventType "swiss"]
[EventRounds "9"]
[EventCountry "SLO"]
[SourceTitle "CBM 194"]
[Source "ChessBase"]
[SourceDate "2020.01.27"]
[SourceVersion "1"]
[SourceVersionDate "2020.01.27"]
[SourceQuality "1"]

1. d4 Nf6 2. Nf3 e6 3. c4 b6 4. a3 Bb7 5. Nc3 g6 6. d5 Bg7 7. e4 0-0 8. Bd3 d6 9. 0-0 Nbd7 10. Re1 a6 11. Rb1 Re8 12. h3 c6 13. dxe6 fxe6 14. b4 Qc7 15. Bb2 Nh5 16. Na4 Rad8 17. Bxg7 Kxg7 18. Bf1 e5 19. c5 dxc5 20. Qc1 cxb4 21. axb4 Nf4 22. Qc3 b5 23. Nb2 c5 24. g3 Ne6 25. Rbc1 c4 26. Rcd1 Nef8 27. Nd3 Kg8 28. Bg2 Re7 29. Rd2 Rde8 30. Rc2 Qb6 31. Nb2 Nf6 32. Rce2 Kg7 33. Nd1 h6 34. Nh4 Ne6 35. Kh2 Nd4 36. Re3 Qd6 37. Qb2 Rd7 38. Nc3 Nc6 39. Rb1 Qd2 40. Qa1 Qxf2 41. Rf3 Qa7 42. Rbf1 Rf8 43. Nd5 Rdf7 44. Qc1 Ng8 45. Rxf7+ Rxf7 46. Rxf7+ Kxf7 47. Nf3 Kg7 48. h4 Bc8 49. Qc3 Qb8 50. Qe3 Qa7 51. Qc3 Qb8 52. Qe3 Nd8 53. h5 gxh5 54. Nh4 Nf7 55. Bh3 Bxh3 56. Kxh3 Ng5+ 57. Kg2 Qb7 58. Nf5+ Kh7 59. Nd6 Qd7 60. Nf5 Kh8 61. Qc3 Qe6 62. Qe3 Qg6 63. Qc3 Nxe4 64. Qxe5+ Nef6 65. Nf4 Qf7 66. Ne6 Qb7+ 67. Kh2 Qe4 68. Qxe4 Nxe4 69. Nc7 Ngf6 70. Nxa6 Nd5 71. Nd4 Nd6 72. Kg2 Kg7 73. Kf3 Kf6 74. Kf2 Ke5 75. Nc6+ Kf5 76. Kf3 Kg5 77. Nc5 h4 78. gxh4+ Kxh4 79. Ne6 c3 80. Ned4 Kg5 81. Ne5 Nxb4 82. Ke3 Nc4+ 83. Nxc4 bxc4 84. Ne2 Na2 85. Nd4 Nb4 86. Ne2 c2 87. Kd2 h5 88. Kc3 h4 0-1

[Event "Stari Banovci Vidovdan op"]
[Site "Stari Banovci"]
[Date "2019.07.04"]
[Round "9"]
[White "Sekulic, Dusan"]
[Black "Radlovacki, Jovan"]
[Result "0-1"]
[WhiteElo "2199"]
[BlackElo "2326"]
[PlyCount "106"]
[EventDate "2019.06.27"]
[EventType "swiss"]
[EventRounds "9"]
[EventCountry "SRB"]
[SourceTitle "EXT 2020"]
[Source "ChessBase"]
[SourceDate "2019.10.17"]
[SourceVersion "1"]
[SourceVersionDate "2019.10.17"]
[SourceQuality "1"]

1. d4 d5 2. Nf3 h6 3. c4 e6 4. Nbd2 Nf6 5. e3 a6 6. Bd3 c5 7. 0-0 Nc6 8. a3 Bd6 9. b3 0-0 10. Bb2 cxd4 11. exd4 b6 12. Qe2 Bb7 13. Ne5 Be7 14. Nxc6 Bxc6 15. c5 Nd7 16. b4 Bf6 17. Rfb1 Qb8 18. Nf3 Ba4 19. Rc1 Qb7 20. b5 bxc5 21. dxc5 Bxb5 22. Bxf6 Bxd3 23. Qxd3 Nxf6 24. Rab1 Qc7 25. c6 Rfc8 26. Qd4 Qd6 27. Ne5 Rc7 28. Rb7 Rac8 29. Rxc7 Rxc7 30. f4 Ne4 31. Qb6 Qxa3 32. Rb1 Qc5+ 33. Qxc5 Nxc5 34. Rc1 f6 35. Rxc5 fxe5 36. fxe5 a5 37. Kf2 a4 38. Ke3 a3 39. Kd4 a2 40. Ra5 Rxc6 41. Rxa2 Rc4+ 42. Kd3 Re4 43. Re2 Rxe2 44. Kxe2 h5 45. Kf3 Kh7 46. g3 Kg6 47. Kf4 Kh6 48. h3 Kg6 49. h4 d4 50. Ke4 d3 51. Kxd3 Kf5 52. Kd4 g6 53. Ke3 Kxe5 0-1

[Event "Belgrade ChessAmateur op 5th"]
[Site "Belgrade"]
[Date "2019.01.06"]
[Round "5"]
[White "Sekulic, Dusan"]
[Black "Zivkovic, Momcilo"]
[Result "1/2-1/2"]
[WhiteElo "2213"]
[BlackElo "2059"]
[PlyCount "46"]
[EventDate "2019.01.04"]
[EventType "swiss"]
[EventRounds "9"]
[EventCountry "SRB"]
[SourceTitle "CBM 188 Extra"]
[Source "ChessBase"]
[SourceDate "2019.02.26"]
[SourceVersion "1"]
[SourceVersionDate "2019.02.26"]
[SourceQuality "1"]

1. d4 d5 2. Nf3 Nc6 3. c4 Bg4 4. Nc3 e6 5. Bf4 Bxf3 6. gxf3 Nf6 7. e3 a6 8. h4 Bd6 9. Bxd6 Qxd6 10. c5 Qd7 11. f4 0-0 12. Bd3 b6 13. cxb6 cxb6 14. Rc1 Rfc8 15. h5 b5 16. Qf3 Ne7 17. Rg1 Ne8 18. Rd1 f5 19. Qg2 Ra7 20. Qg5 Rac7 21. Ne2 Nc6 22. h6 Qe7 23. Qxe7 Rxe7 1/2-1/2

[Event "MNT-chT 1st League"]
[Site "Podgorica"]
[Date "2018.10.20"]
[Round "8.3"]
[White "Borozan, Nikola"]
[Black "Sekulic, Dusan"]
[Result "0-1"]
[WhiteElo "2109"]
[BlackElo "2194"]
[PlyCount "30"]
[EventDate "2018.09.07"]
[EventType "team-tourn"]
[EventRounds "9"]
[EventCountry "MNE"]
[SourceTitle "CBM 187 Extra"]
[Source "ChessBase"]
[SourceDate "2018.11.04"]
[SourceVersion "1"]
[SourceVersionDate "2018.11.04"]
[SourceQuality "1"]
[WhiteTeam "Cetinje"]
[BlackTeam "Prosvjeta"]
[WhiteTeamCountry "MNE"]
[BlackTeamCountry "MNE"]

1. d4 Nf6 2. Nc3 d5 3. Bg5 c5 4. e3 cxd4 5. exd4 Nc6 6. Bb5 Bg4 7. f3 Bf5 8. Nge2 h6 9. Bf4 e6 10. a3 Rc8 11. Ng3 Bh7 12. Nge2 a6 13. Bd3 Be7 14. Bxh7 Nxh7 15. Be3 Na5 0-1

[Event "MNT-chT 1st League"]
[Site "Podgorica"]
[Date "2018.10.19"]
[Round "7.4"]
[White "Sekulic, Dusan"]
[Black "Skenderovic, Ismet"]
[Result "1-0"]
[WhiteElo "2194"]
[BlackElo "1960"]
[PlyCount "119"]
[EventDate "2018.09.07"]
[EventType "team-tourn"]
[EventRounds "9"]
[EventCountry "MNE"]
[SourceTitle "CBM 187 Extra"]
[Source "ChessBase"]
[SourceDate "2018.11.04"]
[SourceVersion "1"]
[SourceVersionDate "2018.11.04"]
[SourceQuality "1"]
[WhiteTeam "Prosvjeta"]
[BlackTeam "Ibar"]
[WhiteTeamCountry "MNE"]
[BlackTeamCountry "MNE"]

1. d4 d5 2. Nf3 Nf6 3. c4 e6 4. e3 c5 5. a3 dxc4 6. Bxc4 a6 7. 0-0 b5 8. Be2 Bb7 9. dxc5 Qxd1 10. Rxd1 Bxc5 11. b4 Be7 12. Bb2 Nbd7 13. Nbd2 0-0 14. Nb3 Rac8 15. Nfd4 Bd8 16. Rac1 Bb6 17. Bf3 Bxf3 18. gxf3 Ne5 19. Nf5 Rxc1 20. Rxc1 Nc4 21. Ne7+ Kh8 22. Bd4 Bxd4 23. Nxd4 Nd5 24. Nxd5 exd5 25. Ra1 Nb6 26. Nb3 Rc8 27. Nc5 Ra8 28. a4 bxa4 29. Nxa4 Nxa4 30. Rxa4 g6 31. b5 a5 32. b6 Kg7 33. b7 Rb8 34. Rxa5 Rxb7 35. Rxd5 h6 36. h4 h5 37. Kg2 Re7 38. Kg3 Ra7 39. e4 Ra1 40. Kg2 Re1 41. e5 Kf8 42. f4 Ke7 43. Rd6 Re4 44. Kg3 Re1 45. f3 Rg1+ 46. Kh2 Re1 47. Kg2 Re2+ 48. Kg3 Re1 49. Rf6 Re2 50. Rb6 Re1 51. f5 gxf5 52. Kf4 Rh1 53. Kxf5 Rxh4 54. f4 Rh1 55. Rb7+ Ke8 56. Kf6 Rf1 57. f5 h4 58. Re7+ Kd8 59. Rxf7 h3 60. Rh7 1-0

[Event "MNT-chT 1st League"]
[Site "Podgorica"]
[Date "2018.09.07"]
[Round "1.4"]
[White "Kontic, Djordjije"]
[Black "Sekulic, Dusan"]
[Result "1-0"]
[WhiteElo "2276"]
[BlackElo "2194"]
[PlyCount "141"]
[EventDate "2018.09.07"]
[EventType "team-tourn"]
[EventRounds "9"]
[EventCountry "MNE"]
[SourceTitle "CBM 187 Extra"]
[Source "ChessBase"]
[SourceDate "2018.11.04"]
[SourceVersion "1"]
[SourceVersionDate "2018.11.04"]
[SourceQuality "1"]
[WhiteTeam "Rumija"]
[BlackTeam "Prosvjeta"]
[WhiteTeamCountry "MNE"]
[BlackTeamCountry "MNE"]

1. e4 e5 2. Nf3 Nc6 3. Bb5 f5 4. d3 fxe4 5. dxe4 Nf6 6. Qe2 d6 7. Nc3 a6 8. Bxc6+ bxc6 9. Qc4 Bd7 10. h4 g6 11. h5 Nxh5 12. Bg5 Be7 13. Bh6 Bf8 14. Bg5 Nf6 15. 0-0-0 Bg7 16. Rh4 Qe7 17. Qb3 h6 18. Rdh1 Qf8 19. Qb7 Ke7 20. Be3 Qb8 21. Qxb8 Raxb8 22. Bxh6 Bxh6+ 23. Rxh6 Rxh6 24. Rxh6 Kf7 25. Nh4 Rg8 26. g3 Rg7 27. Rh8 Rg8 28. Rxg8 Nxg8 29. f4 Bg4 30. Kd2 Nf6 31. fxe5 dxe5 32. Ke3 Nh5 33. Kf2 Kf6 34. Na4 Ng7 35. Nc5 Bc8 36. Nf3 Ne8 37. Ke3 Nd6 38. Kd3 a5 39. a4 Nf7 40. Nd2 Kg5 41. Nc4 Kg4 42. Nxa5 Kxg3 43. Nxc6 g5 44. Ne7 Bh3 45. Ke2 Kh2 46. a5 g4 47. a6 g3 48. a7 g2 49. a8Q g1Q 50. Qd5 Bf1+ 51. Kd2 Qg5+ 52. Ke1 Kg1 53. Nf5 Nd6 54. Qd2 Qf4 55. Qe3+ Kg2 56. Qd2+ Qxd2+ 57. Kxd2 Kf3 58. Nxd6 cxd6 59. Nb7 Kxe4 60. Nxd6+ Kd5 61. Nf5 Bh3 62. Ne3+ Ke4 63. Ke2 Bd7 64. Nf1 Bb5+ 65. Kf2 Kd4 66. Nd2 Ba4 67. Nf3+ Ke4 68. b3 Bxb3 69. Nd2+ Kd4 70. Nxb3+ Kc3 71. Na1 1-0

[Event "Stari Banovci Vidovdan op"]
[Site "Stari Banovci"]
[Date "2017.07.01"]
[Round "5"]
[White "Sekulic, Dusan"]
[Black "Pucarevic, Milenko"]
[Result "0-1"]
[WhiteElo "2203"]
[BlackElo "2191"]
[PlyCount "82"]
[EventDate "2017.06.28"]
[EventType "swiss"]
[EventRounds "9"]
[EventCountry "SRB"]
[SourceTitle "EXT 2018"]
[Source "ChessBase"]
[SourceDate "2017.10.13"]
[SourceVersion "1"]
[SourceVersionDate "2017.10.13"]
[SourceQuality "1"]

1. d4 g6 2. Nf3 Bg7 3. c4 d6 4. Nc3 Nd7 5. g3 e5 6. Bg2 Ne7 7. e4 0-0 8. 0-0 a6 9. d5 h6 10. Ne1 b5 11. cxb5 axb5 12. Nd3 Rb8 13. Nb4 Nc5 14. Qe2 Bd7 15. Be3 Na4 16. Rfc1 Qe8 17. Na6 Rb7 18. Nd1 b4 19. Qd2 f5 20. f3 g5 21. Nxb4 f4 22. gxf4 gxf4 23. Bf2 Qh5 24. b3 Rf6 25. Nc6 Nc8 26. h4 Rg6 27. Kf1 Nc5 28. Rc3 Bf6 29. Qe1 Rg7 30. Rac1 Ne7 31. Rxc5 dxc5 32. Rxc5 Ng6 33. Qa5 Nxh4 34. Qa8+ Kh7 35. Qxb7 Nxg2 36. Ke2 Nh4 37. Bxh4 Bxh4 38. Kd2 Bf6 39. Rc3 Bh3 40. Kc1 Bg2 41. Nb2 Bxf3 0-1

[Event "Stari Banovci Vidovdan op"]
[Site "Stari Banovci"]
[Date "2017.06.28"]
[Round "1"]
[White "Sekulic, Dusan"]
[Black "Petrovic, Aleksa"]
[Result "1-0"]
[WhiteElo "2203"]
[BlackElo "1672"]
[PlyCount "52"]
[EventDate "2017.06.28"]
[EventType "swiss"]
[EventRounds "9"]
[EventCountry "SRB"]
[SourceTitle "EXT 2018"]
[Source "ChessBase"]
[SourceDate "2017.10.13"]
[SourceVersion "1"]
[SourceVersionDate "2017.10.13"]
[SourceQuality "1"]

1. d4 Nf6 2. Nf3 g6 3. c4 Bg7 4. Nc3 0-0 5. e4 d6 6. h3 e5 7. d5 h6 8. g4 Ne8 9. Rg1 a5 10. Be3 Na6 11. Bd3 Nc5 12. Bc2 Bd7 13. h4 b6 14. Qd2 Kh7 15. 0-0-0 f6 16. Nh2 Qc8 17. f4 exf4 18. Bxf4 a4 19. Rde1 Qa6 20. Qe2 Qa5 21. Bd2 Qa6 22. h5 g5 23. e5+ Kh8 24. e6 Bc8 25. Nf3 c6 26. Nd4 cxd5 1-0

[Event "Gligoric Cup 4th"]
[Site "Novi Banovci"]
[Date "2017.05.27"]
[Round "3.9"]
[White "Sekulic, Dusan"]
[Black "Sirotanovic, Obrad"]
[Result "1/2-1/2"]
[WhiteElo "2211"]
[BlackElo "2215"]
[PlyCount "45"]
[EventDate "2017.05.25"]
[EventType "team-swiss"]
[EventRounds "5"]
[EventCountry "SRB"]
[SourceTitle "CBM 178 Extra"]
[Source "ChessBase"]
[SourceDate "2017.06.22"]
[SourceVersion "1"]
[SourceVersionDate "2017.06.22"]
[SourceQuality "1"]
[WhiteTeam "Banovci Dunav"]
[BlackTeam "Subotica Penzioner"]
[WhiteTeamCountry "SRB"]
[BlackTeamCountry "SRB"]

1. d4 Nf6 2. Nf3 g6 3. c4 Bg7 4. Nc3 0-0 5. e4 d6 6. Be2 c5 7. d5 Re8 8. Bf4 Nh5 9. Be3 e5 10. g3 Nf6 11. h3 Na6 12. Nd2 Nc7 13. g4 Nd7 14. h4 Bf6 15. g5 Be7 16. Qc2 a6 17. 0-0-0 b5 18. b3 b4 19. Na4 Rb8 20. Rdg1 Nf8 21. Bg4 Bxg4 22. Rxg4 Qd7 23. Qd1 1/2-1/2

[Event "Gligoric Cup 4th"]
[Site "Novi Banovci"]
[Date "2017.05.25"]
[Round "1.8"]
[White "Mirkovic, Slobodan"]
[Black "Sekulic, Dusan"]
[Result "1/2-1/2"]
[WhiteElo "2255"]
[BlackElo "2211"]
[PlyCount "29"]
[EventDate "2017.05.25"]
[EventType "team-swiss"]
[EventRounds "5"]
[EventCountry "SRB"]
[SourceTitle "CBM 178 Extra"]
[Source "ChessBase"]
[SourceDate "2017.06.22"]
[SourceVersion "1"]
[SourceVersionDate "2017.06.22"]
[SourceQuality "1"]
[WhiteTeam "Belgrade Radnicki"]
[BlackTeam "Banovci Dunav"]
[WhiteTeamCountry "SRB"]
[BlackTeamCountry "SRB"]

1. Nf3 Nf6 2. c4 g6 3. b3 Bg7 4. Bb2 0-0 5. g3 d6 6. Bg2 e5 7. 0-0 Re8 8. d3 c6 9. Nbd2 Ng4 10. Qc2 f5 11. b4 Nd7 12. a4 a5 13. b5 c5 14. e3 Ra7 15. Ne1 1/2-1/2